000 00448nam a2200181Ia 4500
001 7361
005 20260306160449.0
008 260306t2014||||xx |||||||||||||| ||spa||
041 _aESP
082 _a338.64098
_bM84
100 _aMonsalve Zanatti, Martín
_eAUT
245 0 _aGrupos económicos y mediana empresa familiar en América Latina
260 _c2014
300 _a
_c
650 _aGEN
654 _aCAN
942 _cLIB
_dJUS
_fJUS
_2ddc
_n
999 _c7361
_d7361